000 00213nam a22000857a 4500
008 160629b xxu||||| |||| 00| 0 eng d
100 _91422
_a Andrews, S
245 _aHotel House Keeping
260 _aNew Delhi
_bTA
_c1985
999 _c1178
_d1178